000 01553nam a2200361 c 4500
003 BLK
005 20180420231046.0
008 180409b bul|||||r ||||||| ||bul||
010 _aKNG00120842000
040 _aBLK
041 _aBUL
_cBUL
080 _aЖивопис
_b75
_x-053.2
_z75-053.2
100 1 _aЛевин, Соломон Давидович
_eпърви автор
_9314079
700 1 _aТодорова, Елеонора
_eпрев. от рус.
_9255839
139 _aЛевин, Соломон Давидович
_bЛ 35
245 1 0 _aВашето дете рисува
_bИзследване
_cСоломон Давидович Левин; прев. от рус. Елеонора Тодорова.
257 _aRUS
260 София
_bБълг. художник
_c1984
300 _a152 с., 40 л.
_bил.
_c19 см
380 _a7
490 1 _aНаучнопопулярна серия Изкуството и ние
500 _aОриг. загл. Ваш ребенок рисует / Соломон Давидович Левин.
650 4 _aЖивопис
_9155358
650 4 _aРисуване - детски градини - методика на преподаване
_9314080
650 4 _aРисуване - техника и майсторство
_9271714
653 _aрисуване
653 _aдеца
852 _aЦб 130203
856 4 _qpdf
_u
856 4 _qpdf
_u
942 _cKNG
_n0
_02
944 _aCR
_c17.01.2011
_lдобави в АБ / 14.01.2011
_kИрена_Линкова
944 _aED
_c09.04.2013
_lдобави в АБ / 14.01.2011
_k
999 _c115361
_d115361